000
00273nam a22001217a 4500
008
171106b xxu||||| |||| 00| 0 eng d
041
_a
eng
080
_2
2ND
_a
330.722.6
100
_a
62
101
_a
KON
245
_a
FINANCIAL ACCOUNTING
_c
SKOUSEN,K.F
942
_2
udc
_c
BK
999
_c
37942
_d
37942